| 000 | 01544cam a2200325 i 4500 | ||
|---|---|---|---|
| 001 | 768714001 | ||
| 003 | CO-MdFUSB | ||
| 005 | 20210514122129.0 | ||
| 007 | ta | ||
| 008 | 931004t1994 miu b 001 0 eng | ||
| 020 | _a0310593700 | ||
| 040 |
_aDLC _cCO-MdFUSB _dDLC _dCO-MdFUSB _bspa _erda |
||
| 041 | _aeng | ||
| 082 | 0 | 0 |
_223 _a268.01 _bD751 |
| 100 | 1 |
_aDowns, Perry G. _eautor |
|
| 245 | 1 | 0 |
_aTeaching for spiritual growth _c/ Perry G. Downs. |
| 264 | 1 |
_aGrand Rapids, Mich. : _bZondervan Publishing House, _c[1994] |
|
| 264 | 4 | _c© 1994 | |
| 300 |
_a224 páginas ; _c25 cm. |
||
| 336 |
_2rdacontent _atexto _btxt |
||
| 337 |
_2rdamedia _asin mediación _bn |
||
| 338 |
_2rdacarrier _avolumen _bnc |
||
| 504 | _aIncluye referencias bibliográficas e índices. | ||
| 505 | _aEnseñanza en perspectiva bíblica. -- Preguntas fundamentales. -- Enseñanza en perspectiva bíblica. -- Modelar nuestra enseñanza después de Jesús. -- Comprender a Dios, comprender a las personas. -- La renovación de la mente. -- Crecimiento - Desarrollo. -- cognitivo. -- Desarrollo moral. -- Desarrollo de la fe. -- Aprendizaje y crecimiento espiritual. -- Aprendizaje y crecimiento espiritual. -- Aprendizaje e influencias de la primera infancia. -- Aprendizaje por interacción y observación. -- Aprendizaje por desarrollo lógico. -- Aprendizaje por experiencia. -- Enseñanza para el crecimiento espiritual. | ||
| 563 | _aRústico | ||
| 650 | 7 |
_aEducación cristiana _9349 |
|
| 942 | _cBK | ||
| 945 | _aJTF-925 | ||
| 999 |
_c66081 _d66081 |
||